UBT Library

THE FIFTIES IN AMERICA (Record no. 59421)

000 -LEADER
fixed length control field 00323nam a22001457a 4500
008 - FIXED-LENGTH DATA ELEMENTS--GENERAL INFORMATION
fixed length control field 230322b ||||| |||| 00| 0 eng d
020 ## - INTERNATIONAL STANDARD BOOK NUMBER
International Standard Book Number 1587652021
041 ## - LANGUAGE CODE
Language code of text/sound track or separate title eng
080 ## - UNIVERSAL DECIMAL CLASSIFICATION NUMBER
Edition identifier VOLUME 1
Universal Decimal Classification number 94
082 ## - DEWEY DECIMAL CLASSIFICATION NUMBER
Classification number 94SUP
100 ## - Rafti
Rafti 26
101 ## - Shkurtesa
Shkurtesa HISTORI
245 ## - TITLE STATEMENT
Title THE FIFTIES IN AMERICA
Statement of responsibility, etc SUPER.C.J
942 ## - ADDED ENTRY ELEMENTS (KOHA)
Source of classification or shelving scheme
Item type Books
Holdings
Withdrawn status Lost status Source of classification or shelving scheme Damaged status Not for loan Collection code Permanent location Current location Date acquired Total Checkouts Full call number Barcode Date last seen Price effective from Koha item type
          Koleksioni i përgjithshem UBT - Lipjan UBT - Lipjan 03/22/2023   94SUP 002-8002043 03/22/2023 03/22/2023 Books
          Koleksioni i përgjithshem UBT - Lipjan UBT - Lipjan 03/22/2023   94SUP 002-8002044 03/22/2023 03/22/2023 Books
          Koleksioni i përgjithshem UBT - Lipjan UBT - Lipjan 03/22/2023   94SUP 002-8002045 03/22/2023 03/22/2023 Books
UBT Library © 2015-2024. All rights reserved University Education for Business and Technology